Marcas/Empresas Mexicanas - ¡Muerte súbita! - Estadísticas

Estadísticas generales
  • Esta prueba ha sido intentada 2.455 veces
    2.426 desde el último reinicio
  • La puntuación promedio es 4 de 14
Answers on the Grid
Answers color-coded by a green-red scale on the quiz's grid according to % correct below.
Corona
Coca-Cola
Bimbo
BonIce
Oxxo
Clamato
Bodega Aurrerá
Tang
Telmex
Claro
Pemex
Nestle
Coppel
Maizena
Cinépolis
Movistar
Lala
7-Eleven
Mabe
BBVA
Televisa
Pepsi
Aeroméxico
Walmart
José Cuervo
América Móvil
LATAM
 
Estadísticas de respuestas
Respuesta % Correcto
Aeroméxico
54%
Telmex
49%
Oxxo
45%
Corona
43%
Televisa
42%
Pemex
40%
José Cuervo
33%
Cinépolis
31%
Bimbo
29%
Bodega Aurrerá
21%
América Móvil
20%
Coppel
18%
Lala
15%
Mabe
7%
No se encontraron pruebas coincidentes
Distribución de puntuación
Porcentaje de gente con cada puntuación
Porcentaje por número respondido
Historial de tus puntuaciones
No has intentado esta prueba desde el último reinicio